Responses for Show #3844 - Thursday, April 26, 2001

Contestants

[<< previous game]

Steve Goodrich, an attorney from Mesa, Arizona

Sanjit Das, a television producer originally from Charlottesville, Virginia

Tom Flemma, a high school history teacher from Lakeville, Connecticut (whose 2-day cash winnings total $13,800)

[next game >>]

Jeopardy! Round responses

PRESIDENTS
THE "WEST" WING
BEAUTY PAGEANTRY
GENESIS BASICS
LEAF ME ALONE PLEASE
49ers
    $100 1
Dwight D. Eisenhower

Sanjit
    $100 11
West Virginia

Steve
    $100 21
Married

Tom
    $100 23
Noah's Ark

Steve
    $100 16
4-leaf clover

Tom
    $100 6
Joe Montana

Tom
    $200 2
William Howard Taft

Sanjit
    $200 12
George Westinghouse

Tom
    $200 22
Miss Universe

Steve
    $200 24
Abel

Triple Stumper
    $200 17
Toronto Maple Leafs

Sanjit
    $200 7
(Steve: What was "Crazy Legs"?)

"The King"

Steve
Triple Stumper
    $300 3
William Henry Harrison

Tom
    $300 13
West Palm Beach

Tom
    $300 27
Bathing suit

Steve
    $300 25
Sodom and Gomorrah

Tom
    $300 18
Cigars

Tom
    $300 8
Steve Young

Steve
    $400 4
(Sanjit: What is malapropism?)

Normalcy

SanjitSteve
    $400 14
West Indies

Steve
    $400 29
Rodeo

Steve
    $400 26
(Tom: What is the Temple?)

the Tower of Babel

Tom
Triple Stumper
    $400 19
Gold leaf

Sanjit
    $400 9
Shotgun

Steve
    $500 5
(Tom: Who was Cleveland?)

Theodore Roosevelt

TomSteve
    $500 15
Mae West

Steve
    $500 30
(Sanjit: What is Brazil?)

Venezuela

SanjitSteve
    $1,000 28
Joseph

Steve
    $500 20
Bats

Triple Stumper
    $500 10
Ronnie Lott

Tom

Scores at the first commercial break (after clue 15):

Tom Sanjit Steve
$900 -$100 $2,400

Scores at the end of the Jeopardy! Round:

Tom Sanjit Steve
$1,300 $0 $4,900

Double Jeopardy! Round responses

DEEP IN THE HEART OF TEXAS
FOOD CROSSWORD CLUES
FAMOUS BUILDINGS
AT THE INTERNATIONAL CINEPLEX
TAKE A LETTER
'49ers
(Alex: A different group, perhaps)
    $200 21
San Antonio (the Alamo)

Steve
    $200 26
spinach

Tom
    $200 1
Empire State Building

Triple Stumper
    $200 16
Men In Black

Steve
    $200 11
Robert Browning

Steve
    $200 4
Carradine

Steve
    $400 22
(Alex: Minute to go.)

Japan

Sanjit
    $400 28
[The end-of-round signal sounds.]

nectarine

Triple Stumper
    $400 2
Stockholm

Sanjit
    $400 17
Charlie's Angels

Sanjit
    $400 12
"Leaves of Grass"

Tom
    $400 5
Scott Turow

Steve
    $600 23
Dallas

Sanjit
    $600 3
The Colosseum

Tom
    $600 18
As Good As It Gets

Tom
    $600 13
Ludwig van Beethoven

Tom
    $600 6
Rick Springfield

Sanjit
    $1,000 24
(Sanjit: I don't know.)

Big Bend National Park

Sanjit
    $800 7
The Hermitage

Triple Stumper
    $800 19
The Hollow Man

Steve
    $800 14
Galileo

Sanjit
    $800 9
Maurice & Robin

Sanjit
    $1000 25
Odessa

Steve
    $1000 27
Bing cherry

Steve
    $800 8
(Alex: The wedding performed by the Rev. Moon)

Seoul

Sanjit
    $1000 20
I Know What You Did Last Summer

Tom
    $1000 15
James M. Barrie

Steve
    $1000 10
(Sanjit: Who was Christa McAuliffe?)
(Tom: Who was Mae Jemison?)

Judith Resnik

TomSanjit
Triple Stumper

Scores at the end of the Double Jeopardy! Round:

Tom Sanjit Steve
$3,700 $2,800 $9,900
(lock game)

[wagering suggestions for these scores]

Final Jeopardy! Round responses

THE MOONS OF URANUS
SanjitWhat is Puck?
$1,000
TomWhat is Prospero?
$2,000
SteveWhat is Titania?
$1,100
Ariel

Final scores:

Tom Sanjit Steve
$1,700 $1,800 $8,800
3rd place: Epson Prize Package 2nd place: Princess Caribbean Cruise New champion: $8,800

Game dynamics:

Coryat scores:

Tom Sanjit Steve
$3,700 $4,000 $9,400
15 R,
3 W
12 R
(including 1 DD),
4 W
(including 1 DD)
22 R
(including 1 DD),
1 W

Combined Coryat: $17,100

[game clues] [game scores] [suggest correction]

Game tape date: 2001-02-01
The J! Archive is created by fans, for fans. Scraping, republication, monetization, and malicious use prohibited; this site may use cookies and collect identifying information. See terms. The Jeopardy! game show and all elements thereof, including but not limited to copyright and trademark thereto, are the property of Jeopardy Productions, Inc. and are protected under law. This website is not affiliated with, sponsored by, or operated by Jeopardy Productions, Inc. Join the discussion at JBoard.tv.